Familia y adolescencia: un modelo de análisis e intervención psicosocial
Enregistré dans:
| Auteurs principaux: | , , , |
|---|---|
| Format: | Livre |
| Langue: | espagnol |
| Publié: |
Madrid
Síntesis
2004
|
| Collection: | Análisis e Intervención Social
|
| Sujets: | |
| Tags: |
Ajouter un tag
Pas de tags, Soyez le premier à ajouter un tag!
|
MARC
| LEADER | 00000nam a2200000 a 4500 | ||
|---|---|---|---|
| 001 | UCH1596 | ||
| 003 | CL-VaPUC | ||
| 008 | 090430e20040000SP |||||||||||||||||spa|d | ||
| 020 | |a 8477388938 | ||
| 082 | 0 | 4 | |a 362.7 |b MUS |2 21 |
| 100 | |a Musitu Ochoa, Gonzalo |e autor |9 536091 | ||
| 700 | 0 | |a Buelga, Sofía |e author |9 536092 | |
| 700 | 0 | |a Lila, Marisol |e author |9 536093 | |
| 700 | 0 | |a Cava, María Jesús |e author |9 536094 | |
| 245 | 1 | 0 | |a Familia y adolescencia: un modelo de análisis e intervención psicosocial |
| 300 | |a 185 p | ||
| 942 | |c BK | ||
| 945 | |d 20090430 00:00:00 |a rbrito | ||
| 260 | |a Madrid |b Síntesis |c 2004 | ||
| 650 | 0 | |a Familias |9 255641 | |
| 650 | 0 | |a Adolescencia |9 307361 | |
| 650 | 0 | |a Trabajo social |9 307856 | |
| 650 | 0 | |a Delincuencia juvenil |9 311188 | |
| 650 | 0 | |a Autoestima |9 308492 | |
| 583 | |a last modification |c 20090430 00:00:00 |k Rodrigo Vera | ||
| 490 | 0 | |a Análisis e Intervención Social | |
| 999 | |c 333570 |d 333568 | ||
| 952 | |0 0 |1 0 |4 0 |6 362_700000000000000_MUS_2004 |7 0 |8 A |9 422083 |a BIBGIM |b BIBGIM |d 2019-11-22 |i 4545184 |o 362.7 MUS 2004 |p 4545184 |r 2025-01-15 |w 2019-11-22 |y BK |k SSL | ||